Loading...
Literature - World Literature | 0 | 5 | 1 | 0 | 45 | 55 | 71.00 | 0 | 3 |
Literature - American Literature | 0 | 3 | 0 | 0 | 30 | 58 | 73.67 | 0 | 1 |
History - European History | 0 | 2 | 0 | 0 | 20 | 44 | 53.00 | 0 | 0 |
Literature - British Literature | 0 | 2 | 0 | 0 | 20 | 54 | 60.00 | 0 | 2 |
Fine Arts - Classical Music | 0 | 2 | 0 | 1 | 20 | 92 | 100.00 | 0 | 0 |
Fine Arts - Other Fine Arts | 0 | 2 | 0 | 2 | 20 | 99 | 104.00 | 0 | 0 |
History - American History | 0 | 1 | 0 | 1 | 10 | 97 | 97.00 | 0 | 0 |
Religion | 0 | 1 | 0 | 0 | 10 | 42 | 42.00 | 0 | 1 |
Science - Physics | 0 | 1 | 0 | 0 | 10 | 64 | 64.00 | 1 | 1 |
Science - Other Science | 0 | 1 | 1 | 0 | 5 | 69 | 69.00 | 0 | 1 |